REVISE A2 PSYCHOLOGY (Record no. 23780)

MARC details
000 -LEADER
fixed length control field 00358nam a22001577a 4500
003 - CONTROL NUMBER IDENTIFIER
control field OSt
005 - DATE AND TIME OF LATEST TRANSACTION
control field 20211223145907.0
008 - FIXED-LENGTH DATA ELEMENTS--GENERAL INFORMATION
fixed length control field 211223b |||||||| |||| 00| 0 eng d
020 ## - INTERNATIONAL STANDARD BOOK NUMBER
International Standard Book Number 9781858059099
040 ## - CATALOGING SOURCE
Transcribing agency HU
100 ## - MAIN ENTRY--PERSONAL NAME
Personal name CARA FIANAGAN
9 (RLIN) 24702
245 ## - TITLE STATEMENT
Title REVISE A2 PSYCHOLOGY
260 ## - PUBLICATION, DISTRIBUTION, ETC.
Place of publication, distribution, etc. NEW DELHI
Name of publisher, distributor, etc. HALL
300 ## - PHYSICAL DESCRIPTION
Extent 176
942 ## - ADDED ENTRY ELEMENTS (KOHA)
Source of classification or shelving scheme Dewey Decimal Classification
Koha item type Books like text book referance book
Suppress in OPAC No
Holdings
Withdrawn status Lost status Source of classification or shelving scheme Damaged status Not for loan Home library Current library Shelving location Date acquired Total Checkouts Barcode Date last seen Copy number Price effective from Koha item type
    Dewey Decimal Classification     Social Library Social Library General Stacks 12/23/2021   SHLIB 00012731 12/23/2021 C1 12/23/2021 Books like text book referance book